Pétition contre le cumul présentée à l'Assemblée nationale /

Saved in:
Bibliographic Details
Corporate Author: Société pour le progrès des sciences et la réforme des institutions scientifiques, (Author)
Format: Book
Language:French
Published: [Paris, France] : Imprimerie de Martinet, [1848?]
Subjects:
Tags: Add Tag
No Tags, Be the first to tag this record!
LEADER 01273nam a22002773i 4500
001 13070075
005 20180208092226.0
008 180208s1848 fr f 000 0 fre d
035 |a (OCoLC)on1022267726 
040 |a ZCU  |b eng  |e rda  |c ZCU 
035 |a (OCoLC)1022267726 
043 |a e-fr--- 
049 |a ZCUA 
110 2 |a Société pour le progrès des sciences et la réforme des institutions scientifiques,  |e author. 
245 1 0 |a Pétition contre le cumul présentée à l'Assemblée nationale /  |c par la Société pour le progrès des sciences et la réforme des institutions scientifiques. 
264 1 |a [Paris, France] :  |b Imprimerie de Martinet,  |c [1848?] 
300 |a 15 pages ;  |c 21 cm 
336 |a text  |b txt  |2 rdacontent 
337 |a unmediated  |b n  |2 rdamedia 
338 |a volume  |b nc  |2 rdacarrier 
500 |a Date of publication taken from text on page 6. 
610 1 7 |a France.  |b Assemblée nationale constituante (1848-1849)  |2 fast  |0 (OCoLC)fst00510262 
650 7 |a Proportional representation  |2 fast  |0 (OCoLC)fst01079244 
651 7 |a France  |2 fast  |0 (OCoLC)fst01204289 
648 7 |a 1848-1852  |2 fast  |0 (OCoLC)fst01355820 
852 8 0 |b glx4off  |h 342.44  |i Z1  |z Bound with other titles; for a complete listing search by the call number using the Call Number search.